LIBRARY & INFORMATION CENTRE, KCAET, TAVANUR

ONLINE PUBLIC ACCESS CATALOGUE (OPAC)

Designing Agricultural Research (Record no. 14493)

MARC details
000 -LEADER
fixed length control field 00345nam a22001337a 4500
020 ## - INTERNATIONAL STANDARD BOOK NUMBER
ISBN 9789381226834
082 ## - DEWEY DECIMAL CLASSIFICATION NUMBER
Classification number 630.56
Item number RAM/DE
100 ## - MAIN ENTRY--AUTHOR NAME
Personal name Ramesh Chandra Bharati
100 ## - MAIN ENTRY--AUTHOR NAME
Personal name Anil Kumar Singh
245 ## - TITLE STATEMENT
Title Designing Agricultural Research
260 ## - PUBLICATION, DISTRIBUTION, ETC. (IMPRINT)
Place of publication Delhi
Name of publisher Satish Serial Publishing House
Year of publication 2014
300 ## - PHYSICAL DESCRIPTION
Number of Pages 178
942 ## - ADDED ENTRY ELEMENTS (KOHA)
Koha item type Books
Holdings
Withdrawn status Lost status Damaged status Collection code Home library Current library Shelving location Date acquired Source of acquisition Cost, normal purchase price Full call number Accession Number Koha item type
        KAUAET KAUAET General Stacks 08/07/2016 Arunima Book Distributors,TVPM 950.00 630.56 RAM/DE 24812 Books
free website counter